1103 1990 1569 1340 1434 1788 1256 1725 1987 1289 1137 1138 1616 1700 1022 1119 1222 1318 1751 1917 1879 1757 1397 1729 1840 1073 1357 1689 1506 1784 1226 1655 1011 1240 1632 1948 1861 1645 1185 1641 1390 1002 1926 1722 1079 1962 1407 1755 1590 1181 1151 1731 1834 1270 1748 1043 1626 1886 1737 1984 1111 1122 1561 1938 1872 1371 1248 1034 1478 1100 1215 1364 1189 1392 1858 1744 1320 1488 1744 1031 1545 1638 1505 1875 1978 1208 1118 1034 1822 1234 1803 1649 1845 1004 1563 1203 1438 1902 1515 BCNSPRNW ULIB Ver.6.0+V

เปลี่ยนเป็นภาษาไทย

Change to English
 แสดงรายละเอียดบรรณานุกรม
  กลับหน้าหลัก

Brief Record : Get Marc (ISO 2709) : E-mail record : QR code < ปิดหน้าต่าง
LEADER : 00000nam 2200000uu 4500
001    13399112685
003     ULIB
008    110220s2549||||th 000 0 tha d
099    วจ.WY18^bว242ค
100 0  วรรณศิริ เข็มอนุสุข
245 00 ความสัมพันธ์ระหว่างแรงสนับสนุนทางสังคมแรงจูงใจใฝ่สัมฤทธิ์ กับความสามารถในการบริหารเวลาของนักศึกษาพยาบาล วิทยาลัยพยาบาลบรมราชชนนี สวรรค์ประชารักษ์ นครสวรรค์/^cวรรณศิริ เข็มอนุสุข
260    นครสวรรค์:^bวิทยาลัยพยาบาลบรมราชชนนี สวรรค์ประชารักษ์ นครสวรรค์,^c2549
300    89 หน้า
650  7 การบริหารเวลา^xวิจัย
650  7 แรงจูงใจใฝ่สัมฤทธิ์^xวิจัย
710 2  กระทรวงสาธารณสุข.^bสถาบันพระบรมราชนก.^bวิทยาลัยพยาบาลบรมราชชนนี สวรรค์ประชารักษ์ นครสวรรค์.
945    ^p0^l0^i019438
945    ^p0^l0^i019447
995    ทศพร
999 ^a ใช้งานได้ทุกระบบ
รายการนี้ยังไม่มีแท็ก
คุณยังไม่ได้ล็อกอิน คุณสามารถมีกิจกรรมร่วมกับเว็บไซต์ได้ แต่ต้องล็อกอินก่อน ::
  ล็อกอิน

รายการสื่อสารสนเทศ

ลำดับที่ ประเภท เลขเรียก/บาร์โค้ด สถานที่ สถานะ
- ไม่พบข้อมูล -

BibComment


ยังไม่เคยถูกคอมเมนท์

คอมเมนท์ทรัพยากรรายการนี้
  คอมเมนท์: ความสัมพันธ์ระหว่..


 Copyright 2026. Bcnsprnw @Library